000 00662nam a2200229Ia 4500
003 OSt
005 20220925231358.0
006 a|||||r|||| 00| 0
007 ta
008 220923b |||||||| |||| 00| 0 eng d
037 _cGeneral Book
040 _aRTL
_cRTL
_beng
041 _2eng
_aeng
082 _aX9:75.2.N7, L7
100 _aSimha S L N
245 0 _aSickness of industrial units
_b Some observations
260 _aMadras
_bInstitute of Financial Management and Research India
_c1977
300 _a80p.
_ccm.
650 _aIndustry Economy
942 _hX9:75.2.N7, L7
_cGB
_2CC
999 _c588299
_d588299